| 000 | 01605nam0a2200313 i 4500 | ||
|---|---|---|---|
| 001 | RU\NLR\BIBL_A\011516501 | ||
| 005 | 20260406042743.0 | ||
| 010 |
_a9785946919654 _9500 |
||
| 021 |
_aRU _b2017-76453 _95459 |
||
| 035 | _a(RuMoRGB)009416579 | ||
| 035 | _a(NLR Aleph) 011516501 | ||
| 090 |
_a12074296 _c12074296 |
||
| 100 | _a20171103d2017 u y0rusy50 ca | ||
| 101 | 0 | _arus | |
| 102 | _aRU | ||
| 105 | _aa|||j|||000yy | ||
| 200 | 1 |
_aПравоведение _e(в схемах и комментариях) _eучебное пособие _e[для студентов, обучающихся по специальности "Таможенное дело", направлениям "Товароведение", "Экономика" и "Менеджмент"] _fН.Н. Димитров, Е.А. Карпов |
|
| 210 |
_aМосква _cГраница _d2017 |
||
| 215 |
_a174 с. _cил., табл. _d21 |
||
| 320 | _aБиблиогр.: с. 173-174 (14 назв.) | ||
| 606 | 1 |
_aПраво _jУчебные издания для высших учебных заведений _yРоссийская Федерация _92070216 _3RU\NLR\AUTH\661244932 |
|
| 686 |
_aХ.я73-7 _2rubbk |
||
| 686 | 1 | _aХ62я73 | |
| 700 | 1 |
_7ca _8rus _aДимитров _bН. Н. _cканд. ист. наук _gНиколай Николаевич _950031 _3RU\NLR\AUTH\7767103 |
|
| 701 | 1 |
_7ca _8rus _aКарпов _bЕ. А. _cканд. юрид. наук _f1954- _gЕвгений Алексеевич _9112932 _3RU\NLR\AUTH\772925 |
|
| 942 | _cBOOK | ||
| 980 | _aNBR | ||